Chemical process structures and information flows /
Guardado en:
| Autor Principal: | |
|---|---|
| Formato: | Libro |
| Idioma: | English |
| Publicado: |
Boston :
Butterworths,
c1990.
|
| Series: | Butterworths series in chemical engineering
|
| Materias: | |
| Etiquetas: |
Agregar Etiqueta
Sin Etiquetas, Sea el primero en etiquetar este registro!
|
| LEADER | 00777pam a22002175a 4500 | ||
|---|---|---|---|
| 001 | EIQ.libpla002093 | ||
| 008 | 890912s1990####maua#####b####001#0#eng#d | ||
| 005 | 20071218185914.0 | ||
| 245 | 1 | 0 | |a Chemical process structures and information flows / |c Richard S.H. Mah. |
| 260 | |a Boston : |b Butterworths, |c c1990. | ||
| 300 | |a xiv, 500 p. : |b il. ; |c 24 cm. | ||
| 440 | 0 | |a Butterworths series in chemical engineering | |
| 504 | |a Incluye referencias bibliográficas e índice. | ||
| 020 | |a 040990175X | ||
| 100 | 1 | |a Mah, Richard S. H. | |
| 082 | 0 | 0 | |a 660/.2815 |2 20 |
| 650 | 4 | |a Ingeniería química |x Diseño de procesos. | |
| 650 | 4 | |a Chemical engineering |x Design of processes. | |
| 010 | |a 89023984 | ||
| 040 | |a DLC |c DLC |d AR-BbSID | ||
| 859 | |a AR-BbSID |b BIB. PLAPIQUI |h 660.281 5 |i M 11 |p 3997 | ||
